000 00240nam a2200109Ia 4500
008 220204s9999 xx 000 0 und d
082 _a82-3
_bHEY
100 _aHeyer, Georgette
245 0 _aBath tangle
260 _bPan
_c1976
942 _cBK
999 _c29255
_d29255